| 000 | 00749cam a22002773a 4500 | ||
|---|---|---|---|
| 001 | 10275 | ||
| 003 | PGUSA | ||
| 005 | 20140828083222.0 | ||
| 008 | 031101s2003||||xxu|||||s|||||000 | eng d | ||
| 040 |
_aPGUSA _beng |
||
| 042 | _adc | ||
| 050 | 4 | _aM | |
| 245 | 1 | 0 |
_aLa Gioconda _h[electronic resource] |
| 260 |
_bProject Gutenberg, _c2003 |
||
| 500 | _aRecorded c. July 1911. | ||
| 506 | _aPublic domain in the USA. | ||
| 516 | _aElectronic text | ||
| 653 | _aOperas -- Excerpts | ||
| 700 | 1 |
_aBoito, Arrigo, _d1842-1918 |
|
| 700 | 1 | _aBenedetti, Preste | |
| 700 | 1 |
_aPonchielli, Amilcare, _d1834-1886 |
|
| 700 | 1 | _aKoralek, Paola | |
| 830 | 0 |
_aProject Gutenberg _v10275 |
|
| 856 | 4 | 0 | _uhttp://www.gutenberg.org/ebooks/10275 |
| 942 | _cEB | ||
| 999 |
_c239530 _d239530 |
||